Statistics for Countries in WWI

Click here to take the quiz!

General Stats

  • This quiz has been taken 986 times
  • The average score is 17 of 31

Answer Stats

Country% Correct
Germany
96%
France
95%
United Kingdom
95%
United States
95%
Austria-Hungary
93%
Russia
93%
Italy
87%
Ottoman Empire
85%
Belgium
82%
Japan
79%
Bulgaria
73%
Greece
73%
China
72%
Serbia
71%
Romania
69%
Portugal
64%
Brazil
53%
Montenegro
46%
Andorra
31%
Siam
27%
Czechoslovakia
24%
Cuba
23%
San Marino
22%
Panama
20%
Honduras
19%
Costa Rica
18%
Haiti
18%
Nicaragua
17%
Guatemala
16%
Nepal
10%
Liberia
9%

Score Distribution

Percentile by Number Answered

Percent of People with Each Score

Your Score History

You have not taken this quiz